| 000 | 00800cam a22002411 4500 | ||
|---|---|---|---|
| 001 | 26428 | ||
| 003 | BD-RjUL | ||
| 005 | 20211209051021.0 | ||
| 008 | 140322s1963 xx 001 0 eng | ||
| 035 | _a(BD-RjUL)26498 | ||
| 035 | _a(OCoLC)224411 | ||
| 040 |
_aDLC _cOCU _dUk _dDLC _dBD-RjUL _beng |
||
| 041 | _aeng | ||
| 082 |
_a954.03 _bLAT 1963 |
||
| 100 | 1 |
_aLal, Kishori Saran, _d1920- _981264 |
|
| 245 | 1 | 0 |
_aTwilight of the Sultanate : _ba political, social and cultural history of the Sultanate of Delhi from the invasion of Timur to the conquest of Babur 1398-1526 / _cKishori Saran Lal |
| 260 |
_aNew York : _bAsia Pub. House, _c1963. |
||
| 300 |
_a358 p. ; _c23cm. |
||
| 504 | _aIncludes index. | ||
| 651 | 0 |
_aDelhi (Sultanate) _xHistory. _979001 |
|
| 942 |
_2ddc _cBK |
||
| 999 |
_c26428 _d26428 |
||